| 000 | 00796nam a22002297a 4500 | ||
|---|---|---|---|
| 005 | 20210815184604.0 | ||
| 008 | 210815s1994 pe |||fr|||| 001 0 spa d | ||
| 040 |
_aCENDOC CAAAP _bspa _cCAAAP |
||
| 041 | _aspa | ||
| 041 | _aspa | ||
| 050 |
_aHA 10068.L6 _bP45 1993 |
||
| 245 |
_aCensos nacionales 1993 resultados definitivos : _bdepartamento de Loreto |
||
| 250 | _a1ra ed. | ||
| 260 |
_aLima: _bINEI, _c1994 |
||
| 300 | _a2 Tomos | ||
| 505 | _aContiene : Aspectos generales -- Análisis de los principales resultados censales --Resumen estadístico --Tabulados de población -- Características generales -- Tabulados de Vivienda. | ||
| 650 | 1 | 0 |
_91407 _aCensos |
| 650 | 2 | 0 |
_93296 _aPoblación |
| 650 | 2 | 0 |
_93768 _aVivienda |
| 651 | 0 |
_93794 _aLoreto (Perú) |
|
| 942 |
_2lcc _b15 - 08 - 21 _cBK |
||
| 999 |
_c2183 _d2183 |
||